000 00837nam a22001937a 4500
005 20260212083305.0
008 240903b ||||| |||| 00| 0 eng d
082 _aDPer 796.07 J826 July-October 2019 January-April 2020 v. 38, 39 n. 3-4, 1-2
100 _aClark, Langston.
_eauthor.
_959946
245 _aOn the shoulders of little giants :
_ba testimonial of otherfathering and social capital in PETE /
_cLangston Clark.
260 _aChampaign, Illinois ;
_bHuman Kinetics, Inc. ,
_cApril 2020.
300 _aVolume 39, pages 256-263 ;
_c28 cm.
500 _aJournal of Teaching in Physical Education, vol. 39, no. 2, pages 256-263, April 2020.
650 0 _aHigher education.
_92448
650 0 _aParenting styles.
_967114
650 0 _aSocial capital.
_967115
700 _aClark, Langston.
_eauthor.
_959946
942 _2ddc
_cPER
999 _c21230
_d21230